000 00662nam a2200205Ii 4500
003 JO-AjNU
008 230605s9999||||xx |||||||||||||| ||und||
017 _a381
040 _aJO-AjNU
_bara
_erda
_cJO-AjNU
041 _aara
050 1 4 _aQD501.D3264
100 3 _aالدباغ ، عبدالمجيد محمد,
_eauthor
_915194
245 0 0 _aحركة التفاعلات الكيمياوية
264 3 1 _aبغداد : جامعة الموصل ، 1900
300 _a192ص
336 _atext
_btxt
_2rdacontent
337 _aunmediated
_bn
_2rdamedia
338 _avolume
_bnc
_2rdacarrier
650 4 _aالكيمياء-التفاعلات النووية
_915195
999 _aA4233
_c7801
_d7801